| 000 | 00633nam a2200205 4500 | ||
|---|---|---|---|
| 003 | OSt | ||
| 005 | 20240704063838.0 | ||
| 006 | a | ||
| 008 | 240704b |||||||| |||| 00| 0 eng d | ||
| 020 | _a978321501301 | ||
| 040 |
_aDWCL-Main lib. _cOC |
||
| 082 |
_2Twelfth edition _aCirc. 530 Y72s 2008 |
||
| 100 | _aYoung, Hugh D. | ||
| 245 | _aSears and Zemansky’s university physics with modern physics / | ||
| 250 | _aTwelfth edition | ||
| 260 |
_aBoston : _bPearson Education, Inc., _cc2008. |
||
| 300 |
_axx, _b(various pagings) : col. ill.; _c27 cm. |
||
| 650 | _a1. Physics. | ||
| 942 |
_2ddc _n0 _cBK-CIRC _eTwelfth edition _kCirc. |
||
| 999 |
_c1953 _d1953 |
||